00393cam a2200157ua 4500020001000000041001000010082001600020100002500036245007600061260004500137300001200182365001000194504000500204942000700209999001900216 c22.05 aengh a826bNEH/NE aNehru, Jawahar Lal . aNehru`s letters to his sister / cJawahar Lal Nehru.hTextual Documents aLondon : bFaber and Faber Ltd , c1963. a193 ; . a22.05 a cBK c339541d339541